| 000 | 00942nam a2200265Ia 4500 | ||
|---|---|---|---|
| 003 | OSt | ||
| 005 | 20221005062142.0 | ||
| 006 | a|||||r|||| 00| 0 | ||
| 007 | ta | ||
| 008 | 221004b |||||||| |||| 00| 0 eng d | ||
| 020 |
_a0415308712 (hbk) _c5995 |
||
| 024 | _a99362 | ||
| 037 |
_b065, 11/11/2009, Anshika Book International Publishers & Distributors _cTextual |
||
| 040 |
_aCRL _cCRL _beng |
||
| 041 |
_2eng _aeng |
||
| 082 | _aY:1(S:55).4, P5 | ||
| 100 |
_aMicollier Evelyne Ed. _9601495 |
||
| 245 | 0 |
_aSexual culture in East Asia _b Social construction of sexuality and sexual risk in a time of AIDS |
|
| 260 |
_aLondon _bRoutledge UK _c2005 |
||
| 300 |
_axxv,279p. _ccm. |
||
| 490 | _aRoutledgeCuson-IIAS Asian studies | ||
| 650 | _aSOCIOLOGY | ||
| 942 |
_hY:1(S:55).4, P5 _cTEXL _2cc |
||
| 999 |
_c969259 _d969259 |
||